000 00400nam a2200145Ia 4500
008 210210b2000 xxu||||| |||| 00| 0 eng d
082 _a621.38104 MALE
100 _aMALHOTRA (Rajesh).
245 _aExciting electronic experiments.
260 _aDelhi.
_bBusiness promotion publications,
_c2000
300 _a36
650 _aElectronics Experiments
690 _aElectronic
906 _aSG0197
999 _c113472
_d113472